00382nam a2200181Ia 4500003000900000008004100009040001300050040001300063041000800076100001600084245004200100250001000142260001200152260000900164300001100173300001000184490000600194IT-RoPAU120407s9999 xx 000 0 und d aIT-RoPAU cIT-RoPAU afra aPierre Nord aCas de concience de l’agent secret aParis aFleurus c1960 a139 p. c18 cm v1